000 00225nam a2200097Ia 4500
008 240331s9999 xx 000 0 und d
082 _a305.3
_bJAY
100 _aJeyashankar,S
245 0 _aManidan irikkiran manusi enge
942 _cL
999 _c937
_d937